|
|
|
|
| LEADER |
00924cam a2200265 7i4500 |
| 001 |
0000033872 |
| 005 |
20170106090000.0 |
| 007 |
##ta |
| 008 |
161227s2016 enka b 001 0 eng c |
| 020 |
# |
# |
|a 9781137537102
|
| 040 |
# |
# |
|a MATR
|
| 090 |
0 |
0 |
|a ASEA 337.159
|b ASE
|
| 245 |
0 |
0 |
|a ASEAN Economic Community :
|b A Model for Asia-wide Regional Integration?
|c Edited by Bruno Jetin and Mia Mikic.
|
| 264 |
# |
1 |
|a New York, NY:
|b Palgrave Macmillan,
|c 2016.
|
| 300 |
# |
# |
|a xi, 350 pages:
|b illustrations;
|c 23 cm.
|
| 336 |
# |
# |
|a text
|2 rdacontent
|
| 337 |
# |
# |
|a unmediated
|2 rdamedia
|
| 338 |
# |
# |
|a volume
|2 rdacarrier
|
| 504 |
# |
# |
|a Includes bibliographical references and index
|
| 610 |
2 |
0 |
|a ASEAN Economic Community
|
| 651 |
# |
0 |
|a Southeast Asia --
|x Commerce
|
| 651 |
# |
0 |
|a Southeast Asia --
|x Economic integration
|
| 700 |
1 |
# |
|a Jetin, Bruno
|
| 700 |
1 |
# |
|a Mikic, Mia
|
| 999 |
|
|
|a B000038321
|b Book
|c Malaysia
|e Business Information Centre
|